00837nam a2200193 u 450000100100000000500170001000800410002702000150006804000250008308200170010810000300012524501020015526001310025730000400038849000550042850000730048350400320055683000550058800002030620200929170346.0100813s2000 sp ad 000 0 spa d a8400078659 aDO-SdBNPbspacBNPHU a331.88bS4871 aerrano del Rosal, Rafael.10aTransformación y cambio del sindicalismo español contemporáneo /cRafael Serrano del Rosal. aMadrid :bConsejo Superior de Investigaciones Científicas :bInstituto de Estudios Sociales Avanzados de Andalucía,c2000. a244 p. :bil., gráficos ;c24 cm.1 aPoliteya.aEstudios de política y sociedad ;v12 aIncluye referencias bibliográficas y notas al pie de las páginas aBibliografía : p. 223-234 0aPoliteya.pEstudios de política y sociedad ;n12